<?xml version="1.0" encoding="UTF-8"?>
<record
    xmlns:xsi="http://www.w3.org/2001/XMLSchema-instance"
    xsi:schemaLocation="http://www.loc.gov/MARC21/slim http://www.loc.gov/standards/marcxml/schema/MARC21slim.xsd"
    xmlns="http://www.loc.gov/MARC21/slim">

  <leader>01522nam a2200313 a 4500</leader>
  <controlfield tag="001">000000520</controlfield>
  <controlfield tag="003"> </controlfield>
  <controlfield tag="005">20210601121250.0</controlfield>
  <controlfield tag="008">081122s1975    dr ab         000 0 spa d</controlfield>
  <datafield tag="035" ind1=" " ind2=" ">
    <subfield code="a"> </subfield>
  </datafield>
  <datafield tag="040" ind1=" " ind2=" ">
    <subfield code="a">BPMSU </subfield>
    <subfield code="b">spa</subfield>
    <subfield code="c">BPMSU </subfield>
  </datafield>
  <datafield tag="082" ind1=" " ind2=" ">
    <subfield code="a">972.9304</subfield>
    <subfield code="b">L557s 1975</subfield>
    <subfield code="2">22</subfield>
  </datafield>
  <datafield tag="100" ind1="1" ind2=" ">
    <subfield code="a">Lemonnier-Delafosse, J. B.</subfield>
  </datafield>
  <datafield tag="245" ind1="1" ind2="0">
    <subfield code="a">Segunda campa&#xF1;a de Santo Domingo :</subfield>
    <subfield code="b">guerra dominico-francesa de 1808 /</subfield>
    <subfield code="c">J.B. Lemonnier-Delafosse.</subfield>
  </datafield>
  <datafield tag="260" ind1=" " ind2=" ">
    <subfield code="a">Santo Domingo :</subfield>
    <subfield code="b">Editora de Santo Domingo,</subfield>
    <subfield code="c">1975.</subfield>
  </datafield>
  <datafield tag="300" ind1=" " ind2=" ">
    <subfield code="a">291 p. :</subfield>
    <subfield code="b">il., map. ;</subfield>
    <subfield code="c">23 cm.</subfield>
  </datafield>
  <datafield tag="490" ind1="0" ind2=" ">
    <subfield code="a">Sociedad Dominicana de Bibli&#xF3;filos;</subfield>
    <subfield code="a">cultura dominicana</subfield>
    <subfield code="v">12</subfield>
  </datafield>
  <datafield tag="500" ind1=" " ind2=" ">
    <subfield code="a">Traducci&#xF3;n por el Lic. C. Armando Rodr&#xED;guez</subfield>
  </datafield>
  <datafield tag="500" ind1=" " ind2=" ">
    <subfield code="a">Incluye &#xED;ndice.</subfield>
  </datafield>
  <datafield tag="505" ind1="0" ind2=" ">
    <subfield code="t">Advertencia del traductor --</subfield>
    <subfield code="t">Sumario --</subfield>
    <subfield code="t">Fuerza mar&#xED;tima de la expedici&#xF3;n --</subfield>
    <subfield code="t">Introducci&#xF3;n --</subfield>
    <subfield code="t">Recuerdos hist&#xF3;ricos y sucintos de la primera campa&#xF1;a --</subfield>
    <subfield code="t">Relaci&#xF3;n completa de la segunda campa&#xF1;a --</subfield>
    <subfield code="t">Opini&#xF3;n sobre Toussaint --</subfield>
    <subfield code="t">Ap&#xE9;ndices --</subfield>
    <subfield code="t">Notas del autor --</subfield>
    <subfield code="t">Notas del traductor --</subfield>
    <subfield code="t">Mapas --</subfield>
    <subfield code="t">&#xCD;ndices --</subfield>
    <subfield code="t">&#xCD;ndice de nombres --</subfield>
    <subfield code="t">&#xCD;ndice de materias.</subfield>
  </datafield>
  <datafield tag="534" ind1=" " ind2=" ">
    <subfield code="a">T&#xED;tulo original. </subfield>
    <subfield code="t">Seconde campagne de Saint-Domingue, du 1er. Decembre 1803 au 15 Juillet 1809.</subfield>
  </datafield>
  <datafield tag="590" ind1=" " ind2=" ">
    <subfield code="6">Inventariado, 2021/VM</subfield>
  </datafield>
  <datafield tag="650" ind1=" " ind2="4">
    <subfield code="a">Guerra Dominico-francesa, 1808-</subfield>
  </datafield>
  <datafield tag="650" ind1=" " ind2="4">
    <subfield code="a">Franceses en Santo Domingo (Rep&#xFA;blica Dominicana)</subfield>
    <subfield code="x">Historia .</subfield>
  </datafield>
  <datafield tag="651" ind1=" " ind2="4">
    <subfield code="a">Rep&#xFA;blica Dominicana </subfield>
    <subfield code="x">Historia </subfield>
    <subfield code="x"> </subfield>
    <subfield code="y"> </subfield>
  </datafield>
  <datafield tag="700" ind1=" " ind2="1">
    <subfield code="a">Rodr&#xED;guez, C. Armando </subfield>
    <subfield code="d">1956- </subfield>
    <subfield code="e">tr. </subfield>
  </datafield>
  <datafield tag="910" ind1=" " ind2=" ">
    <subfield code="a">VMateo</subfield>
  </datafield>
  <datafield tag="942" ind1=" " ind2=" ">
    <subfield code="2">ddc</subfield>
    <subfield code="c">BK</subfield>
  </datafield>
  <datafield tag="952" ind1=" " ind2=" ">
    <subfield code="0">0</subfield>
    <subfield code="1">0</subfield>
    <subfield code="2">ddc</subfield>
    <subfield code="4">0</subfield>
    <subfield code="7">0</subfield>
    <subfield code="8">CD</subfield>
    <subfield code="a">BPMET</subfield>
    <subfield code="b">BPMET</subfield>
    <subfield code="d">2021-06-01</subfield>
    <subfield code="e">Manuel  Ortiz </subfield>
    <subfield code="o">BPMSU CD 972.9304 L557s 1975</subfield>
    <subfield code="p">BPMSU21060006</subfield>
    <subfield code="r">2021-06-01</subfield>
    <subfield code="w">2021-06-01</subfield>
    <subfield code="y">BK</subfield>
  </datafield>
  <datafield tag="999" ind1=" " ind2=" ">
    <subfield code="c">13548</subfield>
    <subfield code="d">13548</subfield>
  </datafield>
</record>
